Cool architecture : (Record no. 42299)
[ view plain ]
| 000 -LEADER | |
|---|---|
| fixed length control field | 02114cam a2200229 a 4500 |
| 001 - CONTROL NUMBER | |
| control field | vtls003028110 |
| 003 - CONTROL NUMBER IDENTIFIER | |
| control field | MY-SjTCS |
| 005 - DATE AND TIME OF LATEST TRANSACTION | |
| control field | 20200306163441.0 |
| 008 - FIXED-LENGTH DATA ELEMENTS--GENERAL INFORMATION | |
| fixed length control field | 110218s2003 at ae 000 0 eng d |
| 020 ## - INTERNATIONAL STANDARD BOOK NUMBER | |
| International Standard Book Number | 1920744274 |
| 039 #9 - LEVEL OF BIBLIOGRAPHIC CONTROL AND CODING DETAIL [OBSOLETE] | |
| Level of rules in bibliographic description | 201102181612 |
| Level of effort used to assign nonsubject heading access points | VLOAD |
| Level of effort used to assign subject headings | 200606171417 |
| Level of effort used to assign classification | pushpa |
| -- | 200605271118 |
| -- | malathy |
| 082 04 - DEWEY DECIMAL CLASSIFICATION NUMBER | |
| Classification number | 720.47 |
| Item number | COO |
| 245 00 - TITLE STATEMENT | |
| Title | Cool architecture : |
| Remainder of title | designing for cold climates / |
| Statement of responsibility, etc. | [coordinating editor, Sarah Noal]. |
| 260 ## - PUBLICATION, DISTRIBUTION, ETC. | |
| Place of publication, distribution, etc. | Mulgrave, Vic. : |
| Name of publisher, distributor, etc. | Images Publishing Group, |
| Date of publication, distribution, etc. | 2003. |
| 300 ## - PHYSICAL DESCRIPTION | |
| Extent | 191 p. : |
| Other physical details | ill. (chiefly col.), plans ; |
| Dimensions | 21 x 25 cm. |
| 505 0# - FORMATTED CONTENTS NOTE | |
| Formatted contents note | Administration building for the Governor of Sualbard - The Alaska public health laboratory and office of the state medical examiner - Alaska sealife center - Are sensus house - Biesse-baenie landmark - Denver international airport passenger terminal - Floating sauna - Gerstein science information centre-Morrison pavilion - Hallenstein apartments - Hanamaki municipal gymnasium - Helsinki railway station platform roofing - Hotel in Patagonia - Hotham heights lodges - House in Vilnius - Kita-aizu town hall - La vogealle mountain shelter - Maniilaq heaith center (HIS replacement hospital) - Marriot Library expansion, University of Utah - Middlebury college bicentennial hall - Mike's house - Mitchell residence - National museum of wildlife art - Niesen mountain house addition and renovation - Notstater conference & sea resort - Occidental chemical center - The olympic hall - Private residence - Rafferty house - The red house - Residence levesque - Sami Lapp museum & northern Lapland - Sange-saby courses & conferences, hotel annex - Sastrugi lodge - Sibelius hall - Ski lodge - Smaralind shopping centre - Snowboarders' cottege - Snow king inn - Turtagro hotel - Twin mountain bed and breakfast lodge - Villa on lake kalvia - Villa von bagh - Weathering steel house. |
| 650 #0 - SUBJECT ADDED ENTRY--TOPICAL TERM | |
| Topical term or geographic name entry element | Architecture and climate. |
| 9 (RLIN) | 233720 |
| 650 #0 - SUBJECT ADDED ENTRY--TOPICAL TERM | |
| Topical term or geographic name entry element | Building |
| General subdivision | Design and construction |
| -- | Climate factors |
| -- | Pictorial works. |
| 9 (RLIN) | 233721 |
| 650 #0 - SUBJECT ADDED ENTRY--TOPICAL TERM | |
| Topical term or geographic name entry element | Architecture |
| Chronological subdivision | 20th century. |
| 9 (RLIN) | 8016 |
| 700 1# - ADDED ENTRY--PERSONAL NAME | |
| Personal name | Noal, Sarah. |
| 9 (RLIN) | 233722 |
| 920 ## - Programme | |
| Programme | BLT(DIP) : 524960 |
| Withdrawn status | Lost status | Source of classification or shelving scheme | Damaged status | Not for loan | Home library | Current library | Date acquired | Total Checkouts | Barcode | Date last seen | Date last checked out | Copy number | Uniform Resource Identifier | Koha item type | Public note |
|---|---|---|---|---|---|---|---|---|---|---|---|---|---|---|---|
| Dewey Decimal Classification | Taylor's Library-TU | Taylor's Library-TU | 27/05/2006 | 26 | 5000037473 | 07/05/2024 | 26/04/2024 | 1 | Floor 4, Shelf 30 , Side 1, TierNo 2, BayNo 6 | Main Collection | SABDx,23003,02,CL |